Dạy con làm giàu

Gespeichert in:
Bibliographische Detailangaben
1. Verfasser: Kiyosaki, Robert T.
Format: Buch
Sprache:Undetermined
Veröffentlicht: Thành phố Hồ Chí Minh Trẻ 2002
Schlagworte:
Tags: Tag hinzufügen
Keine Tags, Fügen Sie den ersten Tag hinzu!
Thư viện lưu trữ: Trung tâm Học liệu Trường Đại học Cần Thơ
LEADER 00574nam a2200193Ia 4500
001 CTU_54350
008 210402s9999 xx 000 0 und d
020 |b 16000 
082 |a 650.1 
082 |b K62/T.1 
100 |a Kiyosaki, Robert T. 
245 0 |a Dạy con làm giàu 
245 0 |c Robert T. Kiyosaki, Sharon L. Lechter ; Thiên Kim biên dịch 
260 |a Thành phố Hồ Chí Minh 
260 |b Trẻ 
260 |c 2002 
650 |a Success in business 
904 |i Qhieu đã sửa 
980 |a Trung tâm Học liệu Trường Đại học Cần Thơ